000
00290nam a22001337a 4500
003
CEME
005
20210628203928.0
008
210309b xxu||||| |||| 00| 0 eng d
040
_c
.
082
_a
621.395 PAC
245
_a
Packaging, handbook
260
_b
INTEL
_c
1991
942
_c
BK
_2
ddc
999
_c
575568
_d
575568